|
|
|
|
| LEADER |
00000naa2a2200000 4500 |
| 001 |
506827 |
| 005 |
20231101103315.0 |
| 035 |
|
|
|a (RuTPU)RU\TPU\prd\177958
|
| 035 |
|
|
|a RU\TPU\prd\94471
|
| 090 |
|
|
|a 506827
|
| 100 |
|
|
|a 20130520a1997 k y0rusy50 ca
|
| 101 |
0 |
|
|a rus
|
| 102 |
|
|
|a RU
|
| 200 |
1 |
|
|a Электронно-лучевая наплавка износостойких композиционных покрытий на основе карбида титана
|f В. Е. Панин [и др.]
|
| 461 |
|
1 |
|0 (RuTPU)RU\TPU\prd\404
|x 0015-3214
|t Физика и химия обработки материалов
|f Российская академия наук (РАН), Институт металлургии и материаловедения им. А. А. Байкова (ИМЕТ)
|d 1968-
|
| 463 |
|
1 |
|0 (RuTPU)RU\TPU\prd\94332
|t № 2
|v С. 54-58
|d 1997
|
| 610 |
1 |
|
|a труды учёных ТПУ
|
| 701 |
|
1 |
|a Панин
|b В. Е.
|c специалист в области физики и механики деформируемого твердого тела, физического материаловедения
|c доктор физико-математических наук, профессор Томского политехнического университета
|c зав. кафедрой материаловедения в машиностроении
|c директор Российского материаловедческого центра
|c научный руководитель института физики прочности и материаловедения СО РАН
|f 1930-
|g Виктор Евгеньевич
|2 stltpush
|3 (RuTPU)RU\TPU\pers\12102
|
| 701 |
|
1 |
|a Дураков
|b В. Г.
|
| 701 |
|
1 |
|a Прибытков
|b Г. А.
|
| 701 |
|
1 |
|a Белюк
|b С. И.
|
| 701 |
|
1 |
|a Сви тич
|b Ю. В.
|
| 701 |
|
1 |
|a Голобков
|b Н. Н.
|
| 701 |
|
1 |
|a Дехонова
|b C. Е.
|
| 801 |
|
1 |
|a RU
|b 63413507
|c 20101230
|
| 801 |
|
2 |
|a RU
|b 63413507
|c 20130520
|g RCR
|
| 942 |
|
|
|c BK
|